000 00959nam a22001937a 4500
005 20260224094901.0
008 260224s2024 xxk|||||o|||| 00| 0 eng d
041 _aeng
110 _aRoyal Institution of Chartered Surveyors
245 _aRICS Sanctions Policy:
_bSupplement 2 Fines, costs and administration fees version 11
_h[Electronic resource]
260 _aLondon,
_bRoyal Institution of Chartered Surveyors,
_c2024
500 _awith effect from 14 March 2024
520 _aThis supplement to the Sanctions Policy sets out the details of fines and costs that may be imposed in accordance with the RICS’ Regulatory Tribunal Rules.
651 _aUnited Kingdom
690 _96277
_aRICS
710 _aRoyal Institution of Chartered Surveyors
856 _uhttps://www.rics.org/content/dam/ricsglobal/documents/regulation/rics-sanctions-policy-supplement-2-fines-costs-administration-fees-version-11.pdf
_zAvailable free on RICS.org
942 _n0
999 _c122287
_d122287